00420nam a2200181Ia 4500003000400000005001700004008004100021020001400062040000700076041000800083082001700091100002800108245003000136250000700166260002900173300002300202365001300225OSt20230403101625.0210423s2007 xx 000 0 und d a324366000 cAL aeng a657 REEJ223 aREEVE (James M);others. aPrinciples of accounting. a22 aAustraliabThomsonc2007 axxxi,1176,I-16bPB b595cINR